000
00307nam a2200097Ia 4500
008
240331s9999 xx 000 0 und d
082
_b
NAT
100
_a
Australian Government . ed
245
0
_a
National Guidelines for the training of service providers working in the area of violence against women
942
_c
L
999
_c
2889
_d
2889